| 000 | 00000nam##2200000za#4500 |
| 001 | 9.605245 |
| 003 | CaOODSP |
| 005 | 20240206145613 |
| 007 | cr ||||||||||| |
| 008 | 150406|2008||||xxc|||||o f|0| 0 fre|d |
| 040 | |aCaOODSP|bfre |
| 043 | |an-cn--- |
| 086 | 1 |aTU3-6/08-181F-PDF |
| 110 | 2 |aBureau de la sécurité des transports du Canada. |
| 245 | 10|aCollision à un passage à niveau - Canadien National Train no L53241-09 sud, Point milliaire 3,66 de la subdivision Letellier, Winnipeg (Manitoba), le 9 septembre 2008 |h[ressource électronique] |
| 260 | |aOttawa - Ontario : |bBureau de la sécurité des transports du Canada |c[2008]. |
| 300 | |a12p.|bill. en couleur, figure |
| 490 | 1 |aRapport d'enquête sur un accident ferroviaire |vR08W0181 |
| 590 | |a13-08-Supp|b2013-04-02 |
| 775 | 08|tCrossing collision - Canadian National Railway Train L53241-09 South Mile 3.66, Letellier Subdivision Winnipeg, Manitoba, 09 September 2008 |w(CaOODSP)9.575833 |
| 830 | #0|aRapport d'enquête sur un accident ferroviaire ;|vR08W0181|w(CaOODSP)9.501252 |
| 856 | 40|ahttp://publications.gc.ca|qPDF|s417 Ko|uhttps://publications.gc.ca/collections/collection_2013/bst-tsb/TU3-6-08-181-fra.pdf|yR08W0181 |